000 00502nam a2200217Ia 4500
003 OSt
005 20220912153038.0
006 a|||||r|||| 00| 0
007 ta
008 220909b |||||||| |||| 00| 0 eng d
024 _a23863
037 _cTextual
040 _aCSL
_beng
_cCSL
041 _aeng
082 _aB46, G4
100 _aPomey J B
245 0 _aElements de calcul vectoriel
300 _ap.
_ccm.
942 _hB46, G4
_cTEXL
_2CC
999 _c97121
_d97121